JR Keiyo Line Stations, Tokyo, Japan - Statistics

General Stats
  • This quiz has been taken 165 times
  • The average score is 11 of 17
Answer Stats
Station No. Stations % Correct
JE 01 Tokyo
97%
JE 05 Shin Kiba
88%
JE 07 Maihama
87%
N/A Soga
76%
JE 04 Shiomi
71%
JE 02 Hatchobori
69%
JE 08 Shin Urayasu
68%
JE 11 Minami Funabashi
65%
JE 06 Kasairinkaikoen
64%
JE 16 Chiba Minato
63%
JE 03 Etchujima
62%
JE 12 Shin Narashino
60%
JE 13 Kaihimmakuhari
59%
JE 09 ichikawashiohama
55%
JE 10 Futamatashimmachi
49%
JE 15 Inagekaigan
49%
JE 14 Kemigawahama
46%
No matching quizzes found
Score Distribution
Percent of People with Each Score
Percentile by Number Answered
Your Score History
You have not taken this quiz